MDQL
is popping MORE tags! Check the
thread
!
Quizzes
Events
Quiz Creation
Community
Videos
Private Events
Remove Ads
Sign In
Join for FREE
Feedback
Dark Mode
Quiz Categories
Sports
Geography
Music
Movies
Television
Just For Fun
Miscellaneous
History
Literature
Language
Science
Gaming
Entertainment
Religion
Holiday
For Kids
Quiz Lab
Recent
Popular Today
Quiz Kudos Today
Editor Picks
Curator Picks
Quizzes by...
Day
Popularity
Type
Ratings
Length
Year
Community
Subscriptions
Recent Discussions
Orange Saloon
Badges
Playlists
Quests
Create
Leaderboards
Showdown
Live 5
Trivia Bingo
Activity
Puzzle Library
Sporcle Events
Private Events
Virtual Trivia
Globe League
Become a Host
Pub Owners
SporcleCon
Opinionation
Our Games
Videos
Blog
Mobile Apps
Partnerships
Remove Ads and Go Orange
Feedback
Sports
Athletes
MLB
NBA
NHL
NFL
Soccer
Sports Teams
WWE
NCAA
Football
Premier League
Basketball
Baseball
Hockey
Golf
Tennis
Cricket
Rugby
Auto Racing
Olympics
World Cup
Sports
Athletes
MLB
NBA
NHL
NFL
Soccer
Sports Teams
WWE
NCAA
Football
Premier League
Basketball
Baseball
Hockey
Golf
Tennis
Cricket
Rugby
Auto Racing
Olympics
World Cup
Random Quiz
Search Sporcle
×
Quiz Lab
Quiz Lab
Sports
Famous
Type in answers that appear in a list
Type in answers that appear in a list
Classic
Best Score? Go Orange.
Famous Red Wings Stats
Can you name the Famous Red Wings?
By
hockeyfighter88
5m
45 Questions
110 Plays
110 Plays
110 Plays
Comments
Comments
Give Quiz Kudos
Give Quiz Kudos
-
- Ratings
hide this ad
Replay
Link that replays current quiz
Next Quiz
Link to next quiz in quiz playlist
You Got
0%
They Got
Avg Score
65%
Avg Friend Score
Upgrade to see
Score Distribution
Jump to the score distribution portion of the page
Score
0/45
Timer
05:00
0
Plays Today
Number
Player
% Correct
9
Gordie Howe
97.3%
19
Steve Yzerman
95.5%
8
Syd Howe
93.6%
5
Nicklas Lidstrom
92.7%
91
Sergei Fedorov
90.9%
13
Pavel Datsyuk
90.9%
40
Henrik Zetterberg
89.1%
30
Chris Osgood
86.4%
96
Tomas Holmstrom
84.5%
93
Johan Franzen
83.6%
39
Dominik Hasek
82.7%
55
Niklas Kronwall
82.7%
14
Brendan Shanahan
80.9%
33
Kris Draper
79.1%
7
Ted Lindsay
78.2%
16
Vladimir Konstantinov
77.3%
1
Terry Sawchuk
76.4%
18
Kirk Maltby
76.4%
8
Igor Larionov
74.5%
25
Darren McCarty
73.6%
12
Sid Abel
71.8%
17
Brett Hull
71.8%
24
Chris Chelios
71.8%
Number
Player
% Correct
10
Alex Delvecchio
68.2%
35
Jimmy Howard
68.2%
11
Dan Cleary
68.2%
55
Larry Murphy
65.5%
24
Bob Probert
59.1%
29
Mike Vernon
58.2%
28
Brian Rafalski
58.2%
2
Viacheslav Fetisov
58.2%
77
Paul Coffey
57.3%
26
Joe Kocur
50%
22
Dino Ciccarelli
48.2%
20
Martin Lapointe
47.3%
20
Luc Robitaille
47.3%
20
Mickey Redmond
44.5%
17
Doug Brown
41.8%
4
Red Kelly
40%
34
Manny Legace
40%
55
Keith Primeau
30%
25
John Ogrodnick
27.3%
26
Ray Sheppard
24.5%
32
Tim Cheveldae
24.5%
26
Barry Melrose
3.6%
Quiz Playlist
Details
Report
Send in Message
Add To Playlist
Classic:
Type in answers that appear in a list
Last Updated: Feb 16, 2017
Quiz Scoreboard
CHALLENGE
Sign Up to Join the Scoreboard
Show All
Scores
Hide
Comments
May contain spoilers
Recently Published
Colored Red Africa Blitz
by spor1
Geography
30s
Find the 'City' Movie
by crazypaving
Movies
60s
5x2 Blitz: Bands
by SL_Kpop136
Music
30s
More to Explore
Quiz From the Vault
Featured Blog Post
14 Easter Pick-up Lines to Find Eggs With
hide this ad
You Might Also Like...
Tags
Famous Quiz
Numbers Quiz
Detroit Red Wings
Player
Red
Wing
Today's Top Quizzes in Sports
Browse Sports
hide this ad
Today's Top Quizzes in Famous
Browse Famous
Top Contributed Quizzes in Sports
1
Players with Multiple 50 Home Run Seasons
2
Les entraîneurs de l'OM et du PSG au 21e siècle
3
Criteria MLB: Left Handed Sluggers
4
2022 World Cup Stars
5
Les meilleurs buteurs des matchs entre le PSG et l’OM
6
Who Hit More Homers?
7
Les joueurs passés par le PSG et l'OM
8
NBA Logic Puzzle 2.0
9
Top 10 NHL Goal Scorers of All Time
10
MLB Players with Two .350 Batting Average Seasons
Explore More
Trending Topics
Anime
Marvel
Disney
Kpop
Harry Potter
NBA
Crossword
Song
NFL
Pokémon
Country
The Office
Soccer
Puzzle
WWE
hide this ad
More By:
hockeyfighter88
Quiz
Plays
Rating
Category
Featured
Created
WWF/WWE Main Events
763
4.33
Sports
Dec 9, 2015
NWA/WCW PPV Main Events (Starrcade '83-Souled Out 2000)
487
1.00
Sports
Nov 22, 2015
WCW PPV Main Events (SuperBrawl 2000-Greed 2001)
141
Sports
Nov 23, 2015
Famous Red Wings
110
Sports
Jan 22, 2011
Go to Creator's Profile
Score Distribution
Quiz Creator Spotlight
hockeyfighter88
Follow
Send a Message
Quizzes Created
-
Created Quiz Play Count
-
More By This Creator
Popular Quizzes Today
1
Colored Red Africa Blitz
2
Find the 'City' Movie
3
Find the US States - No Outlines Minefield
4
5x2 Blitz: Bands
5
The Countries of the World
6
Find the US States
7
US States
8
9x9 Crossword: Cartoon Network
More Sports Quizzes
Alphabet Image Soup: NBA Top 10 Scorers (2022-23)
Quiz Lab
Trending Quizzes
Colored Red Europe Blitz I
Colored Red Europe Blitz II
Colored Red Africa Blitz II
Colored Red Africa Blitz III
Colored Red Europe Blitz III
Recently Updated
Godzilla Movies
pecheneg
Grab Bag: 4-10 Letters
pecheneg
2024 March Madness Bracket
pecheneg
Famous TV Couples
Peacemaker
Champions League XIs: Real Madrid
pecheneg
Largest US Cities 1790-2010
pecheneg
Rides in Walt Disney World
pecheneg
Most Oscar Losses (Acting)
pecheneg
Beyoncé Albums
pecheneg
Leaping Animals
pecheneg
Trending Topics
Disney
Marvel
Crossword
Harry Potter
Kpop
NBA
Anime
Song
NFL
Country
WWE
Soccer
Puzzle
The Office
Pokémon
Your Account Isn't Verified!
In order to create a playlist on Sporcle, you need to verify the email address you used during registration. Go to your
Sporcle Settings
to finish the process.
Report this User
Report this user for behavior that violates our
Community Guidelines
.
Details:
Send Report
Go to the Sporcle.com Mobile Site →
Comments